00753cam a22002291 4500001001300000003000400013005001700017008004100034010001700075025001900092035002000111040001800131042001200149050001800161100003500179245013600214260003400350300003800384600005800422610002600480999001700506sa 65008205 DLC20260227112154.0861126s1964 ii ac 000 0 eng  asa 65008205  aPL480:I-E-4302 a(OCoLC)14878589 aDLCcWaUdDLC apremarc00aDS481.B48bA71 aAjgaonkar, Gungu Phatu,d1919-10aSenapati Bhonsale;bthe I.N.A chief & father of National discipline schemec[by] G.F. [sic.] Ajgaonkar. English version: D.G. Naik. a[Bombay,bN.R. Ralkar,c1964] a12, 65 p.billus., ports.c19 cm.10aBhonsle, Jagannathrao Krishnarao,d1906 or 1907-1963.20aIndian National Army. c65638d65638